000 00599nam a2200193Ia 4500
005 20250508152147.0
008 008 250505s9999 xx 000 0 eng d
037 _aTextual
040 _aFEDL
_beng
_cFEDL
041 _aeng
_2eng
084 _a371.26, DAN
_qFEDL
100 _aDaniels John C
_9760916
245 0 _aTeachers' handbook of test construction, marking and reccords
260 _aLondon, UK
_bCrosby Lockwood and Son Ltd.
_c1949
300 _a79p.
650 _aEducational - Texts and Measurement
_9757038
942 _cTEXL
_h371.26, DAN
999 _c1334662
_d1334662